000 00787nam a2200205Ia 4500
999 _c51404
_d51404
001 18389
003 GE_BSU
005 20210706132107.0
008 181216s2006||||ge |||||||||||||| ||geo||
040 _cGE_BSU
041 _ageo
080 _a81'374.822=353.1=19 მ-99
100 _aმხითარიანი,ზ.
_912197
245 _aქართულ - სომხური ლექსიკონი /
_cზ. მხითარიანი; რედ. კ. გაბუნია.
264 _aთბილისი :
_bსაიმედო,
_c2006.
300 _a494 გვ.,
_b20 სმ.
653 _aქართულ - სომხურ ლექსიკონი
700 _aგაბუნია, კ.
_eრედაქტორი
_912198
942 _cBK
_2udc